000
00193nam a22000977a 4500
082
_a
823
100
_a
RADHAKRISHNA PUBLISHING
245
_a
SPINNING MONEY
650
_a
ENGLISH STORY
942
_c
BK
999
_c
7691
_d
7691